Normal view MARC view
  • Quran (Surahs) -- Commentaries

Entry Topical Term

Number of records used in: 4

001 - CONTROL NUMBER

  • control field: 91534

003 - CONTROL NUMBER IDENTIFIER

  • control field: NUST

005 - DATE AND TIME OF LATEST TRANSACTION

  • control field: 20220512115606.0

008 - FIXED-LENGTH DATA ELEMENTS

  • fixed length control field: 220512|| aca||aabn | a|a d

040 ## - CATALOGING SOURCE

  • Original cataloging agency: NUST
  • Transcribing agency: NUST

150 ## - HEADING--TOPICAL TERM

  • Topical term or geographic name entry element: Quran (Surahs) -- Commentaries

670 ## - SOURCE DATA FOUND

  • Source citation: Work cat.: (NUST)7312: Moududi, S. Abul-ul-Allah 91533, Tafheem-ul-Quran (Vol II), 2004.
© 2023 Central Library, National University of Sciences and Technology. All Rights Reserved.